Their Name Starts With D - Statistics

General Stats
  • This quiz has been taken 10 times
  • The average score is 20 of 24
Answer Stats
Picture Hint Answer % Correct
Baywatch - Knight Rider David Hasselhoff
100%
Friends - Band of Brothers David Schwimmer
100%
Jolene (Song) - Steel Magnolias (Movie) Dolly Parton
100%
United States President Donald Trump
100%
Fast and Furious Movies - Former WWE Champion Dwayne "The Rock" Johnson
100%
Casino Royale - Knives Out Daniel Craig
89%
Lincoln - There Will Be Blood Daniel Day-Lewis
89%
Harry Potter - Guns Akimbo Daniel Radcliffe
89%
It's Always Sunny in Philadelphia - Batman Returns Danny DeVito
89%
Nirvana - Foo Fighters Dave Grohl
89%
Under Pressure (Song) - Labyrinth (Movie) David Bowie
89%
G.I. Jane - Ghost Demi Moore
89%
Training Day - Remember The Titans Denzel Washington
89%
Houdini - Levitating Dua Lipa
89%
Ghostbusters - Blues Brothers Dan Aykroyd
78%
Manchester United - Real Madrid David Beckham
78%
The Day After Tomorrow - The Rookie Dennis Quaid
78%
I'm Coming Out - Baby Love Diana Ross
78%
The Godfather - Something's Gotta Give Diane Keaton
78%
50 First Dates - The Wedding Singer Drew Barrymore
67%
The Twilight Series - Once Upon a Time In Hollywood Dakota Fanning
56%
Cool For The Summer - Sorry Not Sorry Demi Lovato
56%
Crash - Avengers Movies Don Cheadle
56%
Nuthin' But A G Thing - The Next Episode Dr. Dre
56%
No matching quizzes found
Score Distribution
Percent of People with Each Score
Percentile by Number Answered
Your Score History
You have not taken this quiz